Central Library and Information Centre
Sibsagar Girls' College, Sivasagar : Assam

REAL ANALYSIS (Record no. 5769)

MARC details
000 -LEADER
fixed length control field 00397cam a2200181ua 4500
008 - FIXED-LENGTH DATA ELEMENTS--GENERAL INFORMATION
fixed length control field 120107n1993 II |||gr||||Z||||||eng
040 ## - CATALOGING SOURCE
Original cataloging agency MAIN
041 ## - LANGUAGE CODE
-- English
082 ## - DEWEY DECIMAL CLASSIFICATION NUMBER
Classification number 515 SHA
100 ## - MAIN ENTRY--PERSONAL NAME
Personal name SHARMA.
245 ## - TITLE STATEMENT
Title REAL ANALYSIS
260 ## - PUBLICATION, DISTRIBUTION, ETC.
Place of publication, distribution, etc. MEERUT
Name of publisher, distributor, etc. KRISHNA PRAKASHAN MANDIR
Date of publication, distribution, etc. 1993
300 ## - PHYSICAL DESCRIPTION
Extent 608:
Dimensions 25CM.
700 ## - ADDED ENTRY--PERSONAL NAME
Personal name VASISTHA.
942 ## - ADDED ENTRY ELEMENTS (KOHA)
Koha item type Books
653 ## - INDEX TERM--UNCONTROLLED
Uncontrolled term Analysis
Holdings
Withdrawn status Lost status Damaged status Not for loan Collection code Home library Current library Shelving location Date acquired Full call number Barcode Date last seen Copy number Price effective from Koha item type Public note
        REFMAT Central Library and Information Centre Sibsagar Girls College Central Library and Information Centre Sibsagar Girls College MATHEMATICS BOOK RACK 19.06.1995 515 SHA 13926 27.02.2020 1 27.02.2020 Books V
        TBPHY Central Library and Information Centre Sibsagar Girls College Central Library and Information Centre Sibsagar Girls College PHYSICS BOOK RACK 19.06.1995 515 SHA 13927 27.02.2020 2 27.02.2020 Books V


Sibsagar Girl's College © 2020. All rights reserved.
Powered by Koha.
Maintained by Abhijit Borpuzari.